000
00301nam a22001337a 4500
008
180213b xxu||||| |||| 00| 0 eng d
020
_a
9781858942964
041
_a
eng
080
_a
91
100
_a
42
101
_a
GJEO
245
_a
Beyond light american landscapes
_c
Werling,R
942
_2
udc
_c
BK
999
_c
42370
_d
42370